Visualizzazione normale
Vista MARC
- Zanotti Emanuela
di Personal Name
Records bibliografici associati: 1
001 - CONTROL NUMBER
- control field: 59121
003 - CONTROL NUMBER IDENTIFIER
- control field:
005 - DATE AND TIME OF LATEST TRANSACTION
- control field: 20220901144733.0
008 - FIXED-LENGTH DATA ELEMENTS
- fixed length control field: 220901|| aca||aabn | a|a d
040 ## - CATALOGING SOURCE
- Original cataloging agency:
- Transcribing agency:
100 ## - HEADING--PERSONAL NAME
- Personal name: Zanotti Emanuela
670 ## - SOURCE DATA FOUND
- Source citation: Work cat.: (): Zanotti Emanuela, Madri con la valigia, 2021